000 00234 a2200097 4500
001 54968
100 _aAlbanesc Jason
245 _aNetwork security illustrated
260 _aNY
_bMcGraw-Hill, NY
_c2004
090 _c34059
_d34059
942 _aNUST-CAE
_cMONOGRAPH
_c26735
999 _c290041
_d290041